000 01254cac a2200373 i 4500
003 EG-GICUC
005 20260121101452.0
008 061218s2006 mnu frb 001 0 eng d
020 _a9780314166654
_qalk. paper
020 _a9780314166678
_qteacher's manual
020 _a0314166653
_qalk. paper
040 _aDLC
_cDLC
_beng
_dEG-GiCUC
_erda
043 _an-us---
050 0 0 _aKF9618
_b.D66 2006
082 0 4 _221
_a343.1073
092 0 4 _221
099 _aLaw 10 2006
100 1 _aDressler, Joshua.
245 1 0 _aCriminal procedure :
_bprinciples, policies, and perspectives /
_cby Joshua Dressler, George C. Thomas III.
250 _a3rd edition.
264 _aSt. Paul, MN :
_bThomson/West,
_c2006.
300 _alxvii, 1422 page ;
_c27 cm.
336 _atext
_btxt
_2rdacontent
337 _aunmediated
_bn
_2rdamedia
338 _avolume
_bnc
_2rdacarrier
490 0 _aAmerican casebook series
504 _aIncludes bibliographical references and index.
525 _aKept up to date by supplement.
650 0 _aCriminal procedure
_zUnited States
_vCases.
700 1 _aThomas, George C.
_q(George Conner),
_d1947-
856 4 0 _uhttps://fll.law.cu.edu.eg/fulltext/bks/ENGB10-00024.pdf
905 _a10
942 _2ddc
_cBK
_e21
_n0
999 _c49816
_d49816